00824nam a2200217 a 4500008004100000020001600041100002000057245010300077260008500180300002900265504005200294500002000346650004100366650006400407610005800471710003000529710002000559003000100579005001700580040000900597  a1853830070 1 aMunslow, Barry.14aThe fuelwood trap :ba study of the SADCC region /cBarry Munslow with Yemi Katerere ... [et al.]. aLondon :bEarthscan Publications, in association with the ETC Foundation,c1988. a181 p. :bill. ;c22 cm. aIncludes bibliographical references p. 166-176. aIncludes index. 0aFuelwood industryzAfrica, Southern. 0aFuelwood industryxEnvironmental aspectszAfrica, Southern.20aSouthern African Development Coordination Conference.2 aSADCC Energy Secretariat.2 aETC Foundation.20230123133259.0 cNUST